Digital Neuromarketing The Psychology of Persuasion in the Digital Age
Saved in:
| Main Author: | |
|---|---|
| Format: | Book |
| Language: | English |
| Published: |
[S.l.]
[NeuroTriggers]
[2015]
|
| Subjects: | |
| Tags: |
No Tags, Be the first to tag this record!
|
MARC
| LEADER | 00000nam a2200000 4500 | ||
|---|---|---|---|
| 001 | 0219293 | ||
| 005 | 20240306140238.4 | ||
| 020 | |a 978-0-9943902-2-6 | ||
| 041 | 0 | |a eng | |
| 044 | |a US | ||
| 245 | 1 | 0 | |a Digital Neuromarketing |b The Psychology of Persuasion in the Digital Age |c Sam Page |
| 264 | 1 | |a [S.l.] |b [NeuroTriggers] |c [2015] | |
| 300 | |a 234 s. | ||
| 610 | 2 | 0 | |a neuromarketing |
| 610 | 2 | 0 | |a neuroveda |
| 610 | 2 | 0 | |a marketing elektronický |
| 610 | 2 | 0 | |a psychológia predaja |
| 610 | 2 | 0 | |a psychológia reklamy |
| 610 | 2 | 0 | |a dizajn |
| 610 | 2 | 0 | |a stránky webové |
| 610 | 2 | 0 | |a inzercia |
| 610 | 2 | 0 | |a médiá sociálne |
| 100 | 1 | |a Page, Sam | |